| 000 | 00439nam a2200121Ia 4500 | ||
|---|---|---|---|
| 008 | 231221s9999 xx 000 0 und d | ||
| 041 | _aEnglish | ||
| 082 | _aQPMBBSUG07-1752 | ||
| 245 | 0 | _aSurgery Paper-I/Part-II [e resource : question paper] : Final MBBS degree exam, Apr/May 2007 (514-A) | |
| 260 |
_c2007/05 _bNTRU _aAndra Pradesh |
||
| 650 | _aSurgery,Paper-I/Part-II,[e,:,paper],:,Final,MBBS,exam,,Apr/May,2007,(514-A) | ||
| 942 | _cDL | ||
| 999 |
_c205625 _d205625 |
||